Toplum psikolojisi : (Record no. 24247)
| 000 -BAŞLIK | |
|---|---|
| Sabit Uzunluktaki Kontrol Alanı | 02339nam a22003377a 4500 |
| 001 - KONTROL NUMARASI | |
| Control Dosyası | 0024295 |
| 003 - KONTROL NUMARASI KİMLİĞİ | |
| Kontrol Alanı | KOHA_MİRAKIL |
| 005 - EN SON İŞLEM TARİHİ ve ZAMANI | |
| Kontrol Alanı | 20260207002435.0 |
| 007 - FİZİKSEL TANIM SABİT ALAN - GENEL BİLGİ | |
| Sabit uzunluklu kontrol alanı | ta |
| 008 - SABİT UZUNLUKTAKİ VERİ ÖGELERİ - GENEL BİLGİ | |
| Sabit Alan | 101112b2010 tu |||gr||||#||||0|tur | |
| 020 ## - ISBN - ULUSLARARASI STANDART KİTAP NUMARASI | |
| Isbn | 9786051141534 |
| Kullanılabilirlik koşulları | 9,3800000000000008 |
| 040 ## - KATALOGLAMA KAYNAĞI | |
| Özgün Kataloglama Kurumu | TR-BiSEU |
| Kataloglama Dili | tur |
| Çeviri Kurumu | TR-BiSEU |
| Açıklama Kuralları | rda |
| 041 0# - DİL KODU | |
| Metin ya da ses kaydının dil kodu | tur |
| 044 ## - YAYINLAYAN/ÜRETEN KURULUŞUN ÜLKE KODU | |
| ISO country code | tu |
| 050 ## - SINIFLAMA ve YER NUMARASI | |
| Sınıflama Numarası | HM251 |
| Yer Numarası | .T37 2010 |
| 100 1# - KİŞİ ADI | |
| Yazar Adı (Kişi adı) | Tarhan, Nevzat. |
| 245 1# - ESER ADI BİLDİRİMİ | |
| Başlık | Toplum psikolojisi : |
| Alt Eseradı vb. | sosyal şizofreniden toplumsal empatiye/ |
| Sorumluluk Bildirimi | Nevzat Tarhan ; Nevzat Tarhan; editör Fatma Özten. |
| 264 #1 - ÜRERİM, YAYIN, DAĞITIM ve TELİF BİLDİRİMİ | |
| Yayın yeri | İstanbul : |
| Yayınlayan | Timaş Yayınları |
| Yayın tarihi | 2010 |
| 300 ## - FİZİKSEL TANIMLAMA | |
| Sayfa, Cilt vb. | 333 sayfa |
| 336 ## - İÇERİK TÜRÜ | |
| Content type term | metin |
| Content type code | txt |
| Source | rdacontent |
| 337 ## - MEDYA TÜRÜ | |
| Media type term | aracısız |
| Media type code | n |
| Source | rdamedia |
| 338 ## - TAŞIYICI TÜRÜ | |
| Carrier type term | cilt |
| Carrier type code | nc |
| Source | rdacarrier |
| 490 1# - DİZİ BİLDİRİMİ | |
| Dizi Bildirimi | Timaş yayınları ; |
| Cilt Numarası | 2226. |
| 490 1# - DİZİ BİLDİRİMİ | |
| Dizi Bildirimi | Psikoloji dizisi ; |
| Cilt Numarası | 36. |
| 500 ## - GENEL NOT | |
| Genel Not | Kaynakça var. |
| 505 ## - İÇİNDEKİLER NOTU | |
| İçindekiler Notu | Annesini öldüren kız öğrenci, evini terk eden karısını ve ailesini katleden genç koca, Anne-baba ve kardeşlerinin hayatına son veren kadın, sevgilisini öldürüp, kafasını keserek çöpe atan genç adam... |
| 650 #0 - KONU BAŞLIĞI EK GİRİŞ - KONU TERİMİ | |
| Konusal terim veya coğrafi ad | Sosyal psikoloji. |
| 9 (RLIN) | 7860 |
| 830 1# - SERİ EK GİRİŞİ - TEKBİÇİM ESER ADI | |
| Tekbiçim Başlık | Timaş yayınları ; |
| Volume number/sequential designation | 2226. |
| 9 (RLIN) | 8079 |
| 830 1# - SERİ EK GİRİŞİ - TEKBİÇİM ESER ADI | |
| Tekbiçim Başlık | Psikoloji dizisi ; |
| Volume number/sequential designation | 36. |
| 9 (RLIN) | 6558 |
| 942 ## - EK GİRİŞ ÖGELERİ (KOHA) | |
| Source of classification or shelving scheme | Library of Congress Classification |
| Koha item type | Book |
| 505 ## - İÇİNDEKİLER NOTU | |
| -- | |
| -- | Bu haberler artık manşetlik değer taşımıyor. Dünya geçmiş asırlara göre daha müreffeh fakat hayat standartlarının yükseldiği, zenginliklerin arttığı toplumlarda şiddet azalmıyor, hatta artıyor. O halde toplum neden böyle oldu? Dünya topluluğu nereye gidiyor? Her gün önünden geçtiğimiz bir toplumsal histeriyle karşı karşıyayız. Suçluların çoğu da akıl hastası değil. |
| -- | |
| -- | O halde sebep nedir? Tahammülsüzlük mü? "Öteki"nin duygusuna kayıtsızlık mı? Yoksa empati eksikliği ve bencillik yükselen bir trend mi? Prof. Dr. Nevzat Tarhan, kitabında dikkat çekici tespitlerde bulunuyor. Yazar, bireysel ve toplumsal şiddet ilişkisini irdelerken, sosyal şizofreniden bahsediyor ve şizofreninin bireyden topluma doğru yayıldığını söylüyor. |
| -- | |
| -- | Bireyler arasında olduğu gibi, toplumlar arasında da güç ve kişilik çatışmalarının temel psikolojik dinamiği taşıdığından bahsediyor. Hem geçmişteki toplumları inceliyor hem de günümüz toplumunu, bireyler üzerinden biyolojik ve psikolojik verilerle tahlil ediyor. |
| -- | |
| Materyal Türü | Kalıcı Konum | Mevcut Konum | Raf Yeri | Sınıflandırma Kaynağı | Edinim Bilgisi | Ana Konular | Alt Konular | Yer Numarası | Demirbaş Numarası | Fatura Tarihi | Maliyet, Alış Fiyatı | Maliyet, Yenileme Fiyatı | Geri Çekilme Durumu | Kayıp Durumu | Hasarlı Durumu | Kredi için değil | Kayıt Tarih | Toplam Ödünçverme | Son Görülme Tarihi | Son Kontrol Tarihi |
|---|---|---|---|---|---|---|---|---|---|---|---|---|---|---|---|---|---|---|---|---|
| Book | Prof. Dr. Azmi Özcan Kütüphanesi | Prof. Dr. Azmi Özcan Kütüphanesi | Uluğbey Salonu | Library of Congress Classification | Satın | SOSYAL BİLİMLER | Sosyoloji (Genel) | HM251 .T37 2010 | 0024295 | 15/12/2010 | 10.13 | 10.13 | 12/11/2010 | 15 | 05/12/2024 | 05/12/2024 |
